Zahraniční obchod v roce 1991.

Odbor štatistiky obchodu a cien FSÚ prináša štatistické údaje o zahraničnom obchode. Zahraničný obchod z hľadiska meny, sortimentu, skupín štátov a sektorov. Realizácia v importe i v exporte.

Guardado en:
Detalles Bibliográficos
Formato: Capítulo de libro
Lenguaje:checo
Materias:
Etiquetas: Agregar Etiqueta
Sin Etiquetas, Sea el primero en etiquetar este registro!

MARC

LEADER 00000naa a2200000 4500
001 r007888
005 20220831090942.9
041 0 |a cze 
044 |a [CS] 
245 1 0 |a Zahraniční obchod v roce 1991. 
520 |a Odbor štatistiky obchodu a cien FSÚ prináša štatistické údaje o zahraničnom obchode. Zahraničný obchod z hľadiska meny, sortimentu, skupín štátov a sektorov. Realizácia v importe i v exporte. 
610 2 0 |a údaje štatistické 
610 2 0 |a obchod zahraničný 
610 2 0 |a FSÚ Praha 
610 2 0 |a 1991 
610 2 0 |a ČSFR 
610 2 0 |a dovoz 
610 2 0 |a vývoz 
610 2 0 |a bilancia obchodná